Evaluación de concreto autoconsolidable conteniendo aditivos naturales
En este trabajo se autoevaluaron mezcla de concreto autoconsolidable que contenían mucilago de pitahaya y linaza como alternativa constructiva en sustitución de concreto ordinario para la construcción de estructura de concretos reforzado en países de climas cálidos
| Main Authors: | , , |
|---|---|
| Other Authors: | |
| Format: | Tesis Section = Libro |
| Language: | Undetermined Spanish |
| Published: |
Managua
UNI
2023
|
| Subjects: |
| LEADER | 01107nam a2200265Ia 4500 | ||
|---|---|---|---|
| 008 | 240830s9999 xx 000 0 und d | ||
| 040 | |a BIBLIOTECA-RUSB/ Mon 691 B642 | ||
| 041 | |a spa | ||
| 082 | |a Mon 691 B642 | ||
| 100 | 1 | |a Blandón López, Ana Yely | |
| 100 | 1 | |b Arauz Navarro, Sofía Alejandra | |
| 100 | 1 | |c Mayorga Parrales, Xaviera Lucisa | |
| 245 | 1 | 0 | |a Evaluación de concreto autoconsolidable conteniendo aditivos naturales |
| 260 | |a Managua |b UNI |c 2023 | ||
| 300 | |a 73p. :il. | ||
| 500 | |a Contiene: anexos y CD. | ||
| 502 | |a Tesis (Arquitecto) - UNI, 2023. | ||
| 520 | 3 | |a En este trabajo se autoevaluaron mezcla de concreto autoconsolidable que contenían mucilago de pitahaya y linaza como alternativa constructiva en sustitución de concreto ordinario para la construcción de estructura de concretos reforzado en países de climas cálidos | |
| 650 | 7 | |a MATERIALES DE CONSTRUCCION. | |
| 650 | 7 | |b CONCRETO AUTOCONSOLIDABLE - ADITIVOS NATURALES | |
| 650 | 7 | |c CEMENTO | |
| 700 | 1 | |a Tutor: |b Hernández, Eddisson Francisco. | |
| 942 | |c BK |2 ddc | ||
| 991 | |a TESIS | ||
| 999 | |c 27802 | ||